000 00749cam a22002413a 4500
001 33965
003 PGUSA
005 20140828083732.0
008 100928s2010||||xxu|||||s|||||000 | eng d
040 _aPGUSA
_beng
042 _adc
050 4 _aAP
245 1 4 _aThe International Monthly, Volume 3, No. 4, July, 1851
_h[electronic resource] /
_cVarious
260 _bProject Gutenberg,
_c2010
506 _aPublic domain in the USA.
516 _aElectronic text
653 _aArt, Modern -- 19th century -- Periodicals
653 _aScience -- History -- Periodicals
653 _aLiterature, Modern -- 19th century -- Periodicals
830 0 _aProject Gutenberg
_v33965
856 4 0 _uhttp://www.gutenberg.org/ebooks/33965
942 _cEB
999 _c263220
_d263220